Score 0/15 Timer 03:00
0 Plays Today
Hint 5-Letter Word % Correct
To close or open both your eyes real fastBLINK
98.4%
Devoid of markings; just an empty spaceBLANK
93.4%
The edge or border of a precipiceBRINK
90.7%
The salty sea; or place to pickle foodsBRINE
90.4%
A '60s toy: the word that follows 'Lite'BRITE
89.4%
You often hear them sing 'God Save the Queen'BRITS
89%
A Jewish rite (oft spelled with just one 's')BRISS
73.7%
A thing you give that also means 'pursuit'CHASE
68%
Hint 5-Letter Word % Correct
The drummer's surname in the rock group KissCRISS
61.2%
Without refinement; gross; or boorish, tooCRASS
59.9%
A buttermilk drink found in GujaratCHASS
51.5%
A poem line; in fact, this could be oneVERSE
51.5%
To stop, to halt. You know; it just means 'end'CEASE
50.1%
To ridicule, distract, or just annoyTEASE
49.3%
This could mean brief or blunt; concisely shortTERSE
48.6%

Today's Daily Dose

Remove Ads.
Support Sporcle.
Get the best of Sporcle when you Go Orange. This ad-free experience offers more features, more stats, and more fun while also helping to support Sporcle. Thank you for becoming a member.

You're not logged in!

Compare scores with friends on all Sporcle quizzes.
OR
Log In

Show Comments

Extras

Top Quizzes Today


Score Distribution

Your Account Isn't Verified!

In order to create a playlist on Sporcle, you need to verify the email address you used during registration. Go to your Sporcle Settings to finish the process.

Report this User

Report this user for behavior that violates our Community Guidelines.

Details: